[Event "AUTO-ADV-3925"]
[Site "http://www.queenalice.com/game.php?id=1500783"]
[Date "2017.10.28"]
[Round "1"]
[White "embuchador"]
[Black "ismaelfln"]
[Result "1-0"]
[WhiteElo "1924"]
[BlackElo "1761"]

1. e4 e5 2. Nf3 Nc6 3. Bc4 h6 4. O-O Nf6 5. d4 exd4 6. e5 Ng4 7. h3 Ngxe5 8.
Nxe5 Nxe5 9. Re1 d6 10. f4 c5 11. fxe5 d5 12. Bb5+ Bd7 13. Bxd7+ Qxd7 14. Nd2 c4
15. Nf3 Bc5 16. Nxd4 Bxd4+ 17. Qxd4 O-O 18. Bf4 g5 19. Bd2 b5 20. Bc3 Qe6 21.
Rf1 a5 22. Rf6 Qd7 23. Rxh6 Qa7 24. Qxa7 Rxa7 25. e6 fxe6 26. Rh8+ Kf7 27. Rh7+
Ke8 28. Rxa7 b4 29. Bd4 Rf7 30. Rxf7 Kxf7 31. Re1 a4 32. Re5 b3 33. axb3 axb3
34. cxb3 cxb3 35. Rxg5 Ke7 36. h4 Kd6 37. h5 1-0

[Event "AUTO-ADV-3925"]
[Site "http://www.queenalice.com/game.php?id=1500784"]
[Date "2017.10.28"]
[Round "1"]
[White "ismaelfln"]
[Black "embuchador"]
[Result "0-1"]
[WhiteElo "1715"]
[BlackElo "1916"]

1. e4 c5 2. Bc4 e6 3. e5 Nc6 4. Nf3 Qc7 5. O-O Nxe5 6. Nxe5 Qxe5 7. Re1 Qf4 8.
d4 Qxd4 9. Qxd4 cxd4 10. c3 dxc3 11. Nxc3 Ne7 12. b4 Nf5 13. a3 Bd6 14. Nd5 O-O
15. Nc3 b6 16. Ne4 Bc7 17. g4 Nd4 18. Ra2 Nf3+ 19. Kf1 Nxe1 20. Kxe1 d5 21. Bxd5
exd5 22. Ng3 Bxg4 23. Kf1 Rfe8 24. Be3 d4 25. Bxd4 Bh3+ 26. Kg1 Re1+ 27. Nf1
Rxf1# 0-1

[Event "AUTO-MASTER-2701"]
[Site "http://www.queenalice.com/game.php?id=1518351"]
[Date "2018.3.5"]
[Round "1"]
[White "embuchador"]
[Black "junipero"]
[Result "0-1"]
[WhiteElo "1971"]
[BlackElo "2118"]

1. c4 c5 2. g3 Nc6 3. Bg2 d6 4. Nc3 Bd7 5. Nf3 e5 6. O-O Nf6 7. e3 Be7 8. b3 O-O
9. Bb2 h6 10. Qc2 a6 11. Nh4 Nb4 12. Qb1 Rb8 13. Nf5 b5 14. cxb5 axb5 15. Nxe7+
Qxe7 16. Ne2 Bc6 17. f3 Qb7 18. e4 c4 19. a3 Nd3 20. Bc3 Qb6+ 21. Kh1 Nf2+ 22.
Rxf2 Qxf2 23. Ng1 Rfd8 24. Ra2 Qb6 25. bxc4 bxc4 26. Qxb6 Rxb6 27. Ba5 Rdb8 28.
Bxb6 Rxb6 29. Ne2 Rb1+ 30. Ng1 Ba4 31. h3 Bb3 0-1

[Event "AUTO-MASTER-2701"]
[Site "http://www.queenalice.com/game.php?id=1518352"]
[Date "2018.3.5"]
[Round "1"]
[White "junipero"]
[Black "embuchador"]
[Result "0-1"]
[WhiteElo "2126"]
[BlackElo "1961"]

1. d4 f5 2. c4 Nf6 3. Nc3 d6 4. e3 g6 5. Nf3 Bg7 6. g3 O-O 7. Bg2 c6 8. O-O Qc7
9. b3 e5 10. dxe5 dxe5 11. Bb2 Rd8 12. Qc2 e4 13. Nd4 Na6 14. a3 Nc5 15. b4 Nd3
16. c5 Qe7 17. Nce2 Nd5 18. Nc1 Nxb2 19. Qxb2 f4 20. exf4 Nc7 21. Nce2 Nb5 22.
Rad1 Qf6 23. Bxe4 Nxd4 24. Nxd4 Rxd4 25. Qxd4 Qxd4 26. Rxd4 Bxd4 27. Rd1 Bf6 28.
Rd6 Be7 29. Rd1 Kf7 30. f3 Be6 31. Kf2 Rd8 32. Rxd8 Bxd8 33. Ke3 Bf6 34. b5 cxb5
35. Bxb7 Bb2 36. Ba6 Bxa3 37. c6 b4 38. Kd3 b3 39. g4 Bd6 40. h4 Bd5 41. Kc3
Bxf4 42. Be2 Be5+ 0-1

[Event "AUTO-MASTER-2701"]
[Site "http://www.queenalice.com/game.php?id=1518353"]
[Date "2018.3.5"]
[Round "1"]
[White "embuchador"]
[Black "Constante"]
[Result "1-0"]
[WhiteElo "1984"]
[BlackElo "2272"]

1. c4 e5 2. Nc3 Nf6 3. Nf3 Nc6 4. g3 Bb4 5. Bg2 O-O 6. O-O e4 7. Ne1 Bxc3 8.
dxc3 h6 9. Nc2 d6 10. b3 Re8 11. Bf4 Bf5 12. Ne3 Bg6 13. Nd5 Ne5 14. Bd2 c6 15.
Nf4 Neg4 16. Nxg6 fxg6 17. Qc2 d5 18. cxd5 cxd5 19. e3 Rc8 20. Rad1 Ne5 21. Bc1
Qa5 22. Bb2 Qb6 23. Rd4 Qe6 24. Rfd1 Nc6 25. R4d2 b5 26. Ba1 Nb4 27. Qb2 Na6 28.
c4 bxc4 29. bxc4 Rb8 30. Qc3 Qf7 31. cxd5 Rec8 32. Qa5 Nc5 33. Bh3 Rc7 34. Be5
Rbb7 35. Bxc7 Qxc7 36. Qxc7 Rxc7 37. d6 Rd7 38. Bxd7 Nfxd7 39. Rc2 Kf7 40. Rxc5
Nxc5 41. d7 Nb7 42. d8=Q Nxd8 43. Rxd8 Ke7 44. Ra8 1-0

[Event "AUTO-MASTER-2701"]
[Site "http://www.queenalice.com/game.php?id=1518354"]
[Date "2018.3.5"]
[Round "1"]
[White "Constante"]
[Black "embuchador"]
[Result "1-0"]
[WhiteElo "2155"]
[BlackElo "2012"]

1. g3 c5 2. Bg2 Nc6 3. Nf3 g6 4. O-O Bg7 5. d3 d6 6. e4 e5 7. c3 Nge7 8. a3 O-O
9. b4 b6 10. Nbd2 Bb7 11. Nc4 f5 12. exf5 Nxf5 13. Ng5 Qd7 14. Bd5+ Kh8 15. Ne6
Rf6 16. Nxg7 Qxg7 17. Bg5 Rff8 18. Qd2 h6 19. Be3 b5 20. Nb2 Nxe3 21. Qxe3 Nd8
22. Qe4 Rb8 23. a4 Nf7 24. Bxb7 Ng5 25. Qd5 Rxb7 26. Qxd6 Rd7 27. Qxc5 Qf6 28.
Qe3 Qc6 29. h4 Nf3+ 30. Kh1 Ng5+ 31. Kh2 Nf3+ 32. Kh3 Qe6+ 33. Kg2 Qg4 34. Rh1
Rdf7 35. Raf1 e4 36. dxe4 Ne5 37. axb5 Kh7 38. c4 Qe6 39. c5 Rf3 40. Qd4 Nd7 41.
Nc4 Nf6 42. Ne5 Rb3 43. Ra1 Re8 44. Rxa7+ Re7 45. Rxe7+ Qxe7 46. Ra1 1-0

[Event "AUTO-MASTER-2701"]
[Site "http://www.queenalice.com/game.php?id=1518355"]
[Date "2018.3.5"]
[Round "1"]
[White "embuchador"]
[Black "chessman"]
[Result "1-0"]
[WhiteElo "1956"]
[BlackElo "1924"]

1. c4 c6 2. Nf3 d5 3. e3 Nf6 4. Nc3 e6 5. b3 Be7 6. Bb2 O-O 7. Qc2 a6 8. Rg1 Re8
9. g4 dxc4 10. Bxc4 b5 11. Bd3 g6 12. h4 e5 13. Nxe5 Bd6 14. Nxg6 hxg6 15. Bxg6
Nxg4 16. Bxf7+ Kxf7 17. Qh7+ Kf8 18. Ne4 Be5 19. Bxe5 Rxe5 20. Rxg4 Bxg4 21.
Qh8+ Ke7 22. Qxe5+ Kf8 23. Qh8+ Ke7 24. Qg7+ 1-0

[Event "AUTO-MASTER-2701"]
[Site "http://www.queenalice.com/game.php?id=1518356"]
[Date "2018.3.5"]
[Round "1"]
[White "chessman"]
[Black "embuchador"]
[Result "0-1"]
[WhiteElo "1992"]
[BlackElo "1938"]

1. e4 e5 2. Nf3 Nc6 3. Bc4 Bc5 4. O-O Nf6 5. d3 d6 6. c3 Bb6 7. h3 h6 8. Re1 g5
9. d4 g4 10. hxg4 Bxg4 11. a4 exd4 12. Bd2 Ne5 0-1

[Event "AUTO-MASTER-2701"]
[Site "http://www.queenalice.com/game.php?id=1542445"]
[Date "2018.9.16"]
[Round "2"]
[White "embuchador"]
[Black "jovelino"]
[Result "0-1"]
[WhiteElo "1998"]
[BlackElo "2142"]

1. c4 c5 2. g3 Nc6 3. Bg2 g6 4. Nc3 Bg7 5. a3 d6 6. Rb1 a5 7. d3 e5 8. Nf3 Nge7
9. O-O O-O 10. Bd2 f5 11. Ne1 f4 12. Nc2 g5 13. b4 axb4 14. axb4 Qe8 15. bxc5
dxc5 16. Ne4 Qh5 17. Nxc5 Rf6 18. Ne1 Rh6 19. Nf3 Nd4 20. h4 gxh4 21. g4 Qxg4
22. Nh2 Qxe2 23. Qc1 h3 24. Re1 hxg2 0-1

[Event "AUTO-MASTER-2701"]
[Site "http://www.queenalice.com/game.php?id=1542446"]
[Date "2018.9.16"]
[Round "2"]
[White "jovelino"]
[Black "embuchador"]
[Result "1-0"]
[WhiteElo "2254"]
[BlackElo "1988"]

1. e4 e5 2. Nf3 Nc6 3. Bb5 a6 4. Ba4 Nf6 5. O-O Be7 6. Re1 b5 7. Bb3 d6 8. c3
O-O 9. d4 Bg4 10. d5 Na5 11. Bc2 Qc8 12. a4 Bd7 13. Nbd2 c6 14. axb5 axb5 15.
dxc6 Bxc6 16. Nf1 Nb7 17. Rxa8 Qxa8 18. Ng3 Bd8 19. Bg5 h6 20. Bxf6 Bxf6 21. Nf5
Rd8 22. N3h4 Nc5 23. Qg4 Kh7 24. f3 Ne6 25. Ne3 Nf4 26. Nd5 Bxd5 27. exd5+ Kg8
28. Nf5 Kh8 29. Ne3 Qa7 30. g3 Ng6 31. Bxg6 fxg6 32. Qxg6 Qa2 33. Qb1 Qb3 34.
Qc2 Qa2 35. h4 Rc8 36. Rd1 b4 37. Qf5 Rb8 38. Ng4 Be7 39. cxb4 Rxb4 40. Qf7 Rxb2
41. Rc1 Qa6 42. Qxe7 Rb7 43. Rc8+ Kh7 44. Nf6+ Kg6 45. h5+ Kg5 46. f4+ 1-0

[Event "AUTO-MASTER-2701"]
[Site "http://www.queenalice.com/game.php?id=1542447"]
[Date "2018.9.16"]
[Round "2"]
[White "embuchador"]
[Black "Toits"]
[Result "0-1"]
[WhiteElo "2000"]
[BlackElo "2402"]

1. c4 e6 2. Nc3 d5 3. d4 c6 4. e3 Nf6 5. Bd3 dxc4 6. Bxc4 a6 7. Nf3 b5 8. Bd3
Bb7 9. Ne4 Nxe4 10. Bxe4 Nd7 11. Qc2 Rc8 12. Bd2 f5 13. Bd3 c5 14. dxc5 Nxc5 15.
Be2 Na4 16. Qd3 Qxd3 17. Bxd3 Nxb2 18. Be2 Be7 19. O-O Bf6 20. Bb4 Kf7 21. Rac1
Bd5 22. Nd4 Bxa2 23. Ra1 Bc4 24. Bxc4 Rxc4 25. Rxa6 Bxd4 0-1

[Event "AUTO-MASTER-2701"]
[Site "http://www.queenalice.com/game.php?id=1542448"]
[Date "2018.9.16"]
[Round "2"]
[White "Toits"]
[Black "embuchador"]
[Result "1-0"]
[WhiteElo "2401"]
[BlackElo "2002"]

1. e4 c5 2. Nf3 e6 3. d4 cxd4 4. Nxd4 a6 5. Bd3 Nf6 6. O-O Qc7 7. c4 Nc6 8. Nf3
Ng4 9. h3 h5 10. Nbd2 Bd6 11. a3 a5 12. b3 b6 13. Bb2 f6 14. hxg4 hxg4 15. e5
gxf3 16. exd6 Qxd6 17. Nxf3 Qf4 18. g3 Qh6 19. Nh4 g5 20. Bg6+ Ke7 21. Qf3 Qg7
22. Nf5+ exf5 23. Rfe1+ Kd8 24. Rad1 Qxg6 25. Qxc6 Rh6 26. Qxb6# 1-0

[Event "AUTO-ADV-4368"]
[Site "http://www.queenalice.com/game.php?id=1619180"]
[Date "2020.7.4"]
[Round "1"]
[White "daddyrat"]
[Black "embuchador"]
[Result "0-1"]
[WhiteElo "1808"]
[BlackElo "1983"]

1. e4 c5 2. d4 cxd4 3. Qxd4 Nc6 4. Qa4 g6 5. Nf3 Bg7 6. Bd3 d6 7. Nc3 Bg4 8. Be3
Bxf3 9. gxf3 Nf6 10. Bb5 O-O 11. O-O-O Qc7 12. h3 a6 13. Bd3 b5 14. Qb3 e6 15.
Ne2 a5 16. Bxb5 Rfb8 17. Nc3 Nd7 18. Na4 Na7 19. c4 Nxb5 20. Qd3 Ne5 21. Qe2
Nxc4 22. Kb1 Nxb2 23. Rc1 Na3+ 24. Ka1 Nd3+ 0-1

[Event "AUTO-ADV-4368"]
[Site "http://www.queenalice.com/game.php?id=1619181"]
[Date "2020.7.4"]
[Round "1"]
[White "embuchador"]
[Black "daddyrat"]
[Result "1-0"]
[WhiteElo "2002"]
[BlackElo "1788"]

1. e4 e5 2. Nf3 Nc6 3. Bb5 d5 4. Nxe5 a6 5. Ba4 Bd7 6. Nxd7 Qxd7 7. exd5 Qxd5 8.
O-O O-O-O 9. Nc3 Qc5 10. d3 Nb4 11. a3 Nd5 12. Ne4 Qb6 13. c4 Ndf6 14. Be3 Qe6
15. Ng5 Qe7 16. Re1 Nh6 17. b4 Ne4 18. Bf4 f5 19. f3 Qf6 20. fxe4 Qd4+ 21. Be3
Qf6 22. exf5 Qxf5 23. Ne6 Rxd3 24. Qc2 Rd6 25. Bxh6 Qxc2 26. Bxc2 gxh6 27. Bf5
Kb8 28. Rad1 Rxd1 29. Rxd1 Bd6 30. Rb1 Be5 31. Nc5 Bd4+ 32. Kh1 c6 33. Nd7+ Kc7
34. Rd1 Bc3 35. b5 axb5 36. cxb5 cxb5 37. Rc1 1-0

[Event "AUTO-ADV-4368"]
[Site "http://www.queenalice.com/game.php?id=1619192"]
[Date "2020.7.4"]
[Round "1"]
[White "Rolando9302"]
[Black "embuchador"]
[Result "1-0"]
[WhiteElo "2179"]
[BlackElo "1992"]

1. d4 f5 2. c4 Nf6 3. Nc3 e6 4. g3 Bb4 5. Bg2 O-O 6. Nf3 Bxc3+ 7. bxc3 d6 8. O-O
Nc6 9. Rb1 Ne7 10. Qc2 Rb8 11. Nd2 Qe8 12. Ba3 Qh5 13. c5 d5 14. c6 Re8 15. cxb7
Bxb7 16. e3 Ne4 17. Nxe4 dxe4 18. Qa4 a6 19. Qa5 Nd5 20. c4 Nb6 21. Rfc1 g5 22.
Bc5 Ba8 23. Bxb6 cxb6 24. Rxb6 Rbd8 25. Rxe6 f4 26. exf4 Qf7 27. Qxg5+ 1-0

[Event "AUTO-ADV-4368"]
[Site "http://www.queenalice.com/game.php?id=1619193"]
[Date "2020.7.4"]
[Round "1"]
[White "embuchador"]
[Black "Rolando9302"]
[Result "0-1"]
[WhiteElo "2009"]
[BlackElo "2212"]

1. e4 c5 2. Nf3 a6 3. c4 Nc6 4. d4 cxd4 5. Nxd4 d6 6. Nc3 Nf6 7. Be2 e5 8. Nc2
Be6 9. Be3 Be7 10. O-O O-O 11. f4 exf4 12. Bxf4 Rc8 13. b3 Ne5 14. Qe1 b5 15.
cxb5 Qc7 16. Bd2 Nxe4 17. Nxe4 Qxc2 18. Nc3 Bh4 19. g3 Bd8 20. bxa6 Bb6+ 21. Kg2
Qg6 22. Rf4 Nd3 23. Bxd3 Qxd3 24. Rd1 Rfe8 25. Qf1 Qc2 26. Qf3 Rxc3 27. Qxc3
Bd5+ 28. Kh3 Qxd1 29. Rg4 f6 30. Qxf6 Qxg4+ 0-1

[Event "AUTO-ADV-4368"]
[Site "http://www.queenalice.com/game.php?id=1619200"]
[Date "2020.7.4"]
[Round "1"]
[White "embuchador"]
[Black "kuntakinte"]
[Result "1-0"]
[WhiteElo "1993"]
[BlackElo "1825"]

1. c4 e5 2. Nc3 c6 3. Nf3 d6 4. d4 exd4 5. Nxd4 c5 6. Nf3 Be6 7. b3 Nc6 8. Bf4
Nf6 9. e4 Qa5 10. Qd2 a6 11. Be2 Rd8 12. O-O g6 13. Rfd1 Qc7 14. Nd5 Bxd5 15.
exd5 Ne7 16. a3 Bg7 17. Rac1 O-O 18. b4 Ne4 19. Qe3 Nf6 20. bxc5 Qxc5 21. Qb3
Ne4 22. Be3 Qc8 23. Ng5 Nf6 24. Bf3 h6 25. Ne4 Ng4 26. Bb6 Rde8 27. Nxd6 Qb8 28.
c5 Be5 29. Bxg4 Bxd6 30. cxd6 Qxd6 31. Bc5 Qf6 32. d6 Nf5 33. d7 Rd8 34. Bxf5
Qxf5 35. Bxf8 Kxf8 36. Qxb7 Qf6 37. Rc8 g5 38. Rxd8+ Qxd8 39. Qc8 Ke7 40. Re1+
1-0

[Event "AUTO-ADV-4368"]
[Site "http://www.queenalice.com/game.php?id=1619201"]
[Date "2020.7.4"]
[Round "1"]
[White "kuntakinte"]
[Black "embuchador"]
[Result "0-1"]
[WhiteElo "1824"]
[BlackElo "1983"]

1. e4 c5 2. Bc4 e6 3. Nf3 Nc6 4. e5 Qc7 5. Qe2 a6 6. O-O d5 7. Bb3 Na5 8. c4
Nxb3 9. axb3 Ne7 10. d3 d4 11. Nbd2 Ng6 12. Ra4 Bd7 13. Ra1 Bc6 14. Ne4 Nxe5 15.
Bf4 Nxf3+ 16. Qxf3 Qb6 17. Qd1 Rd8 18. Bd2 Qc7 19. Qe1 Ra8 20. f4 Be7 21. f5
exf5 22. Rxf5 Bxe4 23. Qxe4 O-O 24. Rf3 Rae8 25. Qg4 Bd6 26. Rh3 Re6 27. Bh6 Rg6
28. Qf3 gxh6 29. Rh5 Kh8 30. Re1 Rfg8 31. Re2 f6 32. Rh4 Qb6 33. Re6 Bxh2+ 34.
Rxh2 Qxe6 35. Qf2 Re8 36. g3 Qe1+ 37. Qxe1 Rxe1+ 38. Kg2 Re3 39. Rh3 Rxd3 0-1

[Event "AUTO-OPEN-4352"]
[Site "http://www.queenalice.com/game.php?id=1783495"]
[Date "2022.2.25"]
[Round "1"]
[White "embuchador"]
[Black "Artking"]
[Result "1-0"]
[WhiteElo "2017"]
[BlackElo "1974"]

1. e4 d5 2. exd5 Qxd5 3. Nc3 Qa5 4. d4 c6 5. Nf3 Nf6 6. Bc4 Bg4 7. h3 Bh5 8. g4
Bg6 9. Ne5 e6 10. Nxg6 hxg6 11. Bd2 Qc7 12. Qe2 Be7 13. O-O-O Nbd7 14. Qf3 O-O-O
15. g5 Nd5 16. Bxd5 cxd5 17. Qxf7 Rdf8 18. Qxe7 Qc6 19. f4 b5 20. Qb4 Nb6 21.
Qxb5 Qxb5 22. Nxb5 a6 23. Nc3 Nc4 24. Rdf1 Nxd2 25. Kxd2 Kc7 26. Na4 Kd6 27. Nc5
Rb8 28. Re1 Rhe8 29. b3 a5 30. Re5 Rb5 31. Rhe1 Rxc5 32. dxc5+ 1-0

[Event "AUTO-OPEN-4352"]
[Site "http://www.queenalice.com/game.php?id=1783496"]
[Date "2022.2.25"]
[Round "1"]
[White "Artking"]
[Black "embuchador"]
[Result "0-1"]
[WhiteElo "1992"]
[BlackElo "2001"]

1. e4 c5 2. Nf3 Nc6 3. d4 cxd4 4. Nxd4 e6 5. Be3 Nf6 6. f3 d5 7. Bb5 Qb6 8. e5
Nd7 9. f4 Bc5 10. Bxc6 bxc6 11. Qd2 Bxd4 12. Bxd4 c5 13. Bc3 d4 14. Ba5 Qxb2 15.
O-O Qxa1 16. Na3 Qxa2 17. Qd3 Nb6 18. Bxb6 axb6 0-1

[Event "AUTO-OPEN-4352"]
[Site "http://www.queenalice.com/game.php?id=1783497"]
[Date "2022.2.25"]
[Round "1"]
[White "embuchador"]
[Black "NickThorp"]
[Result "1-0"]
[WhiteElo "2033"]
[BlackElo "1706"]

1. c4 e5 2. Nc3 Nf6 3. Nf3 Nc6 4. g3 Bb4 5. Bg2 d6 6. O-O Bg4 7. Nd5 Nxd5 8.
cxd5 Nd4 9. Nxd4 exd4 10. Qa4+ Bd7 11. Qxb4 c5 12. dxc6 Bxc6 13. Qxd4 Bxg2 14.
Qxg7 Bxf1 15. Qxh8+ Kd7 16. Qxd8+ Rxd8 17. Kxf1 Rc8 18. d3 Rc2 19. Ke1 a6 20.
Kd1 Rc6 21. Bf4 f5 22. Rc1 Rxc1+ 23. Kxc1 d5 24. Kc2 Kc6 25. Kc3 b5 26. Kb4 Kb7
27. Kc5 b4 28. Kxb4 Kb6 29. Be3+ Kb7 30. Kc5 d4 31. Kxd4 Kc6 32. Ke5 a5 33. Ke6
a4 34. d4 h5 35. d5+ Kc7 36. d6+ Kd8 37. d7 f4 38. Bb6# 1-0

[Event "AUTO-OPEN-4352"]
[Site "http://www.queenalice.com/game.php?id=1783498"]
[Date "2022.2.25"]
[Round "1"]
[White "NickThorp"]
[Black "embuchador"]
[Result "0-1"]
[WhiteElo "1678"]
[BlackElo "2031"]

1. e4 c5 2. Nf3 Nc6 3. Bb5 e6 4. Nc3 Nge7 5. d3 a6 6. Bxc6 Nxc6 7. Bg5 f6 8. Bh4
Be7 9. a3 O-O 10. O-O d5 11. exd5 exd5 12. d4 Be6 13. dxc5 Bxc5 14. b4 Be7 15.
Re1 Bf7 16. Qd3 Bd6 17. Nxd5 Bxd5 18. Qxd5+ Kh8 19. Re6 Bxh2+ 20. Nxh2 Qxd5 21.
Rae1 Nd4 22. Re7 Nf5 23. Nf3 Nxe7 24. Rxe7 Rad8 25. Rxb7 Qxb7 0-1

[Event "AUTO-OPEN-4352"]
[Site "http://www.queenalice.com/game.php?id=1783499"]
[Date "2022.2.25"]
[Round "1"]
[White "embuchador"]
[Black "parapunzi"]
[Result "0-1"]
[WhiteElo "2036"]
[BlackElo "2637"]

1. Nf3 Nc6 2. d4 e6 3. e4 d5 4. Nbd2 dxe4 5. Nxe4 Nf6 6. Bd3 b6 7. O-O Be7 8.
Bb5 Bd7 9. Nxf6+ Bxf6 10. d5 Nb4 11. Bxd7+ Qxd7 12. dxe6 Qxd1 13. exf7+ Kxf7 14.
Rxd1 Nxc2 15. Rb1 c5 16. Bf4 Rhd8 17. Ne5+ Ke6 18. Nf3 Bxb2 19. Bd2 Bf6 20. Rbc1
Nd4 21. Re1+ Kd5 0-1

[Event "AUTO-OPEN-4352"]
[Site "http://www.queenalice.com/game.php?id=1783500"]
[Date "2022.2.25"]
[Round "1"]
[White "parapunzi"]
[Black "embuchador"]
[Result "1-0"]
[WhiteElo "2638"]
[BlackElo "2034"]

1. e4 c5 2. Nf3 d6 3. d4 cxd4 4. Nxd4 Nf6 5. Nc3 a6 6. Be2 e5 7. Nb3 Be7 8. O-O
O-O 9. Qd3 Be6 10. Rd1 Nbd7 11. a4 Rc8 12. Be3 Qc7 13. a5 Rfd8 14. Bf3 Nc5 15.
Nxc5 dxc5 16. Nd5 Nxd5 17. exd5 f5 18. Qb3 Bf7 19. c4 e4 20. Be2 Bd6 21. g3 Rf8
22. Qb6 1-0